|
|
|
|
| LEADER |
00884aam a22002538a 4500 |
| 001 |
00029258 |
| 005 |
20171026081022.0 |
| 008 |
120518s2011 ||||||viesd |
| 020 |
# |
# |
|a 9786046400455
|
| 041 |
0 |
# |
|a vie
|
| 082 |
1 |
4 |
|a 398.209 597
|b NH556V
|
| 100 |
1 |
# |
|a Nguyễn, Xuân Đức
|
| 245 |
1 |
0 |
|a Những vấn đề thi pháp văn học dân gian
|c Nguyễn Xuân Đức
|
| 260 |
# |
# |
|a H.
|b Thanh Niên
|c 2011
|
| 300 |
# |
# |
|a 298 tr.
|c 21 cm
|
| 500 |
# |
# |
|a ĐTTS ghi: Hội Văn nghệ dân gian Việt Nam
|
| 504 |
# |
# |
|a Phụ lục: tr. 273-276. - Thư mục: tr. 279-285
|
| 653 |
# |
# |
|a Nghiên cứu văn học
|
| 653 |
# |
# |
|a Thi pháp
|
| 653 |
# |
# |
|a Văn học dân gian
|
| 852 |
# |
# |
|b Kho đọc
|j KD.0013640
|
| 852 |
# |
# |
|j KD.0013640
|
| 910 |
|
|
|d 18/05/2012
|
| 980 |
# |
# |
|a Trung tâm Học liệu Lê Vũ Hùng, Trường Đại học Đồng Tháp
|